000 00438nam a22001577a 4500
003 LK-CoMWRAF
005 20231120220040.0
008 231120b |||||||| |||| 00| 0 eng d
040 _aLK-CoMWRAF
_dLK-CoMWRAF
_eLK-CoMWRAF
041 _aeng
082 _a820
_bGCE
245 _aThe G C E (Ordinary Level) English Literature Anthology
260 _aColombo :
_bEducational publications
_c1993
650 _aEnglish Literature
942 _cBK
999 _c4178
_d4178